000 00647nam a22001937a 4500
005 20251108171844.0
008 250721s1985 xx 000 0 ara d
082 1 4 _a618.92/مظف
100 1 _aالسامرائي، مظفر عبد الوهاب
245 1 0 _aطب الأطفال الوقائي :
_bللمعاهد الصحية العالمية /
250 _aط4
264 1 _aبغداد :
_bالمؤسسة العامة للتعليم و التدريب الصحي،
_c1985.
300 _a111ص
650 1 7 _aالأطفال
650 1 7 _aالرعاية الصحية
650 1 7 _aطب الأطفال
942 _2ddc
_cBK
999 _c64341
_d64341